[Event "NWC August op"]
[Site "Seattle"]
[Date "1989.??.??"]
[Round "?"]
[White "Ross, Dave"]
[Black "Piasetski, Leon"]
[Result "1-0"]
[WhiteElo "2335"]
[BlackElo "2400"]
[PlyCount "69"]
[GameId "1166636580868096"]
[EventDate "1989.08.??"]
[EventType "swiss"]
[EventRounds "5"]
[EventCountry "USA"]
[SourceTitle "EXT 2004"]
[Source "ChessBase"]
[SourceDate "2003.11.25"]
[SourceVersion "1"]
[SourceVersionDate "2003.11.25"]
[SourceQuality "1"]

1. d4 d6 2. g3 g6 3. Bg2 Bg7 4. Nf3 Nd7 5. c4 e5 6. Nc3 Nh6 7. dxe5 dxe5 8. h4 Ng4 9. h5 Qe7 10. h6 Bf8 11. Rh4 f5 12. Nd5 Qc5 13. Rxg4 fxg4 14. Ng5 Bd6 15. Ne6 Qxc4 16. b3 Qc6 17. Ndxc7+ Qxc7 18. Nxc7+ Bxc7 19. Ba3 Kf7 20. Qd5+ Kf6 21. Rc1 Nb6 22. Qc5 Bd8 23. Qd6+ Be6 24. Bxb7 Re8 25. Rc6 Nc4 26. bxc4 Rb8 27. Bb2 Kg5 28. Qxe5+ Bf5 29. Qf4+ Kh5 30. Rc7 Bxc7 31. Qxc7 Bd3 32. Qc5+ g5 33. Bc1 Rxe2+ 34. Kd1 Rg8 35. Qd5 1-0

[Event "West Seattle"]
[Site "Seattle"]
[Date "1990.??.??"]
[Round "1"]
[White "Piasetski, Leon"]
[Black "Donaldson Akhmilovskaya, Elena"]
[Result "1/2-1/2"]
[WhiteElo "2415"]
[BlackElo "2430"]
[PlyCount "35"]
[GameId "1166636756631552"]
[EventDate "1990.??.??"]
[EventType "tourn"]
[EventRounds "9"]
[EventCountry "USA"]
[EventCategory "4"]
[SourceTitle "EXT 2003"]
[Source "ChessBase"]
[SourceDate "2002.11.25"]
[SourceVersion "1"]
[SourceVersionDate "2002.11.25"]
[SourceQuality "1"]

1. b3 e5 2. Bb2 Nc6 3. e3 Nf6 4. Bb5 e4 5. f3 d5 6. Nc3 Bd6 7. Qe2 O-O 8. Bxc6 bxc6 9. fxe4 dxe4 10. Qc4 Qe7 11. Nge2 c5 12. Ng3 Be6 13. Qa6 Bxg3+ 14. hxg3 Qd6 15. Qxd6 cxd6 16. Nb5 Ne8 17. c4 f5 18. O-O-O 1/2-1/2

[Event "West Seattle"]
[Site "Seattle"]
[Date "1990.??.??"]
[Round "2"]
[White "Harmon, Clark R"]
[Black "Piasetski, Leon"]
[Result "0-1"]
[WhiteElo "2240"]
[BlackElo "2415"]
[PlyCount "74"]
[GameId "1166636756656128"]
[EventDate "1990.??.??"]
[EventType "tourn"]
[EventRounds "9"]
[EventCountry "USA"]
[EventCategory "4"]
[SourceTitle "EXT 2003"]
[Source "ChessBase"]
[SourceDate "2002.11.25"]
[SourceVersion "1"]
[SourceVersionDate "2002.11.25"]
[SourceQuality "1"]

1. d4 Nf6 2. c4 d6 3. Nc3 Nbd7 4. e4 e5 5. d5 Nc5 6. f3 a5 7. Be3 Nfd7 8. Qd2 Be7 9. O-O-O a4 10. Kb1 O-O 11. g4 c6 12. Nge2 Qa5 13. Ng3 Nb6 14. h4 Re8 15. Qf2 a3 16. Rc1 axb2 17. Qxb2 Nba4 18. Nxa4 Nxa4 19. Qd2 Bd7 20. Qxa5 Rxa5 21. Bd2 Ra7 22. Rc2 Bd8 23. Be2 Bb6 24. Bd1 Ra6 25. Ne2 Bc5 26. Nc1 Rb6+ 27. Nb3 Ra8 28. f4 Bd4 29. Kc1 Nc5 30. Nxc5 Bxc5 31. Bf3 Ra3 32. Rf1 exf4 33. Bxf4 Rd3 34. Rd2 Rc3+ 35. Rc2 Ra3 36. g5 Bh3 37. Bg2 Rd3 0-1

[Event "West Seattle"]
[Site "Seattle"]
[Date "1990.??.??"]
[Round "5"]
[White "Pupols, Viktors"]
[Black "Piasetski, Leon"]
[Result "1/2-1/2"]
[WhiteElo "2210"]
[BlackElo "2415"]
[PlyCount "81"]
[GameId "1166636756705280"]
[EventDate "1990.??.??"]
[EventType "tourn"]
[EventRounds "9"]
[EventCountry "USA"]
[EventCategory "4"]
[SourceTitle "EXT 2003"]
[Source "ChessBase"]
[SourceDate "2002.11.25"]
[SourceVersion "1"]
[SourceVersionDate "2002.11.25"]
[SourceQuality "1"]

1. d4 Nf6 2. c4 d6 3. Nf3 Nbd7 4. g3 e5 5. Bg2 Be7 6. Nc3 O-O 7. O-O Re8 8. e4 c6 9. Qe2 Qc7 10. h3 a6 11. Be3 b5 12. a3 Bb7 13. b4 exd4 14. Nxd4 Ne5 15. cxb5 cxb5 16. Rac1 Qd7 17. Nf5 Bf8 18. Bd4 Qe6 19. Ne3 Nc6 20. Bxf6 Qxf6 21. Ncd5 Qd8 22. f4 Rc8 23. Qb2 Ne7 24. Rxc8 Qxc8 25. Rc1 Qb8 26. Kh2 Rc8 27. h4 Qa7 28. Rxc8 Bxc8 29. Qc3 Be6 30. Nc7 Bd7 31. Bh3 Bc6 32. Ncd5 Bxd5 33. Nxd5 Qf2+ 34. Bg2 Nxd5 35. exd5 Qa2 36. f5 g6 37. Qe3 Qc2 38. f6 Qf5 39. Qf3 Qxf3 40. Bxf3 h5 41. Bd1 1/2-1/2

[Event "West Seattle"]
[Site "Seattle"]
[Date "1990.??.??"]
[Round "7"]
[White "Donaldson, John W"]
[Black "Piasetski, Leon"]
[Result "1/2-1/2"]
[WhiteElo "2400"]
[BlackElo "2415"]
[PlyCount "39"]
[GameId "1166636756729856"]
[EventDate "1990.??.??"]
[EventType "tourn"]
[EventRounds "9"]
[EventCountry "USA"]
[EventCategory "4"]
[SourceTitle "EXT 2003"]
[Source "ChessBase"]
[SourceDate "2002.11.25"]
[SourceVersion "1"]
[SourceVersionDate "2002.11.25"]
[SourceQuality "1"]

1. d4 Nf6 2. Nf3 d6 3. Nc3 Bf5 4. Nh4 Bd7 5. e4 e5 6. Nf3 Nc6 7. Bc4 Be7 8. h3 O-O 9. O-O exd4 10. Nxd4 Re8 11. Re1 h6 12. Bf4 Nh7 13. Nd5 Bg5 14. Bg3 Ne5 15. Bf1 c6 16. Nc3 Bh4 17. Bxh4 Qxh4 18. g3 Qf6 19. f4 Ng6 20. Bg2 1/2-1/2

[Event "West Seattle"]
[Site "Seattle"]
[Date "1990.??.??"]
[Round "8"]
[White "Piasetski, Leon"]
[Black "Orlov, Georgi"]
[Result "1/2-1/2"]
[WhiteElo "2415"]
[BlackElo "2505"]
[PlyCount "83"]
[GameId "1166636756754432"]
[EventDate "1990.??.??"]
[EventType "tourn"]
[EventRounds "9"]
[EventCountry "USA"]
[EventCategory "4"]
[SourceTitle "EXT 2003"]
[Source "ChessBase"]
[SourceDate "2002.11.25"]
[SourceVersion "1"]
[SourceVersionDate "2002.11.25"]
[SourceQuality "1"]

1. c4 e5 2. g3 Nf6 3. Bg2 c6 4. d4 exd4 5. Qxd4 d5 6. Nf3 Be7 7. cxd5 cxd5 8. O-O Nc6 9. Qa4 O-O 10. Be3 Be6 11. Nc3 Ng4 12. Bd4 Rc8 13. e3 a6 14. Rad1 Qc7 15. Qb3 Na5 16. Qc2 h6 17. Qb1 Rfd8 18. h3 Nf6 19. Ne1 Nc4 20. Nd3 Qa5 21. Nf4 Nh7 22. e4 dxe4 23. Nxe6 fxe6 24. Nxe4 Qf5 25. Bc3 Nb6 26. Rxd8+ Rxd8 27. Rd1 Nd5 28. Be1 Rf8 29. Qd3 Rd8 30. Qb3 b5 31. Rc1 Nf8 32. Rc6 Nf6 33. Nxf6+ Bxf6 34. Kh2 Qb1 35. Bc3 Bxc3 36. Qxc3 Qxa2 37. Be4 Qa4 38. Qe5 Qd4 39. Qxd4 Rxd4 40. Bc2 Rd2 41. Kg2 a5 42. Kf3 1/2-1/2

[Event "West Seattle"]
[Site "Seattle"]
[Date "1990.??.??"]
[Round "9"]
[White "Dubisch, Ralph"]
[Black "Piasetski, Leon"]
[Result "1/2-1/2"]
[WhiteElo "2270"]
[BlackElo "2415"]
[PlyCount "44"]
[GameId "1166636756770816"]
[EventDate "1990.??.??"]
[EventType "tourn"]
[EventRounds "9"]
[EventCountry "USA"]
[EventCategory "4"]
[SourceTitle "EXT 2003"]
[Source "ChessBase"]
[SourceDate "2002.11.25"]
[SourceVersion "1"]
[SourceVersionDate "2002.11.25"]
[SourceQuality "1"]

1. e4 c5 2. c3 e6 3. d4 d5 4. e5 Nc6 5. Nf3 Qb6 6. Bd3 cxd4 7. cxd4 Bd7 8. Nc3 Nxd4 9. Nxd4 Qxd4 10. O-O Qxe5 11. Re1 Qb8 12. Nxd5 Bd6 13. Qg4 Kf8 14. Bd2 h5 15. Qh3 Qd8 16. Ne3 Nf6 17. Bc3 Rc8 18. Rad1 Bb8 19. Nf5 Rxc3 20. bxc3 Qc7 21. Ne3 Qxc3 22. Re2 Qc7 1/2-1/2

[Event "Rome op"]
[Site "Rome"]
[Date "1990.??.??"]
[Round "1"]
[White "Komnenic, Branko"]
[Black "Piasetski, Leon"]
[Result "1-0"]
[WhiteElo "2320"]
[BlackElo "2415"]
[PlyCount "93"]
[GameId "1166636774207488"]
[EventDate "1990.02.??"]
[EventType "swiss"]
[EventRounds "9"]
[EventCountry "ITA"]
[SourceTitle "TD"]
[Source "ChessBase"]
[SourceVersion "1"]
[SourceVersionDate "1994.03.01"]
[SourceQuality "1"]

1. d4 d5 2. c4 c6 3. Nf3 Nf6 4. Nc3 Bf5 5. cxd5 cxd5 6. Qb3 Bc8 7. Bf4 Nc6 8. e3 e6 9. Ne5 Bd6 10. Bb5 Bxe5 11. Bxe5 O-O 12. Bxc6 bxc6 13. O-O Qe7 14. Rfc1 Nd7 15. Bg3 Ba6 16. Na4 Rfc8 17. Nc5 Nxc5 18. Rxc5 Bc4 19. Qc3 Qb7 20. b3 Ba6 21. Rc1 h6 22. h3 Bb5 23. a4 Ba6 24. Rxc6 Rxc6 25. Qxc6 Qxc6 26. Rxc6 Bd3 27. b4 a6 28. Bd6 Ra7 29. f3 Bc4 30. Rc8+ Kh7 31. Bc5 Rb7 32. Ra8 h5 33. h4 Kg6 34. Kf2 Bd3 35. Ke1 Bc4 36. Kd2 Bf1 37. g3 Bc4 38. Kc3 Be2 39. Kb2 Kf5 40. b5 Bxb5 41. axb5 Rxb5+ 42. Kc3 Ra5 43. Ra7 Kg6 44. Kd3 Ra1 45. e4 Rg1 46. Bd6 dxe4+ 47. fxe4 1-0

[Event "Vancouver Keres Memorial 15th"]
[Site "Vancouver"]
[Date "1990.??.??"]
[Round "?"]
[White "Piasetski, Leon"]
[Black "Berry, Jonathan"]
[Result "1/2-1/2"]
[WhiteElo "2415"]
[BlackElo "2265"]
[PlyCount "49"]
[GameId "1167823761657856"]
[EventDate "1990.06.??"]
[EventType "swiss"]
[EventRounds "5"]
[EventCountry "USA"]
[SourceTitle "EXT 2004"]
[Source "ChessBase"]
[SourceDate "2003.11.25"]
[SourceVersion "1"]
[SourceVersionDate "2003.11.25"]
[SourceQuality "1"]

1. c4 e6 2. Nc3 d5 3. cxd5 exd5 4. d4 c5 5. Nf3 Nc6 6. g3 Nf6 7. Bg2 Be7 8. O-O O-O 9. Bg5 cxd4 10. Nxd4 Re8 11. Qa4 Nxd4 12. Qxd4 Be6 13. Rad1 Qa5 14. Be3 b6 15. Qd3 Rac8 16. a3 Red8 17. Bd4 Nd7 18. b4 Qxa3 19. Nxd5 Bxb4 20. Qb5 Bf8 21. Ra1 Qd6 22. Rxa7 Nc5 23. e4 Nxe4 24. Bxe4 Bxd5 25. Bxd5 1/2-1/2

[Event "NWC July op"]
[Site "Seattle"]
[Date "1990.??.??"]
[Round "?"]
[White "Piasetski, Leon"]
[Black "Berry, Jonathan"]
[Result "1/2-1/2"]
[WhiteElo "2415"]
[BlackElo "2265"]
[PlyCount "162"]
[GameId "1166636815450112"]
[EventDate "1990.07.??"]
[EventType "swiss"]
[EventRounds "5"]
[EventCountry "USA"]
[SourceTitle "EXT 2004"]
[Source "ChessBase"]
[SourceDate "2003.11.25"]
[SourceVersion "1"]
[SourceVersionDate "2003.11.25"]
[SourceQuality "1"]

1. c4 Nf6 2. Nc3 e5 3. Nf3 Nc6 4. a3 g6 5. d4 exd4 6. Nxd4 Bg7 7. Bg5 h6 8. Bh4 O-O 9. e3 Nxd4 10. Qxd4 g5 11. Bg3 d6 12. Be2 Nh5 13. Qd2 Nxg3 14. hxg3 c6 15. Rd1 Qb6 16. Na4 Qb3 17. Qa5 d5 18. cxd5 b5 19. Nc5 Qxb2 20. Kf1 Qc2 21. Nd3 cxd5 22. Nb4 Qc3 23. Bf3 Be6 24. Kg1 Rfd8 25. Qxb5 Rab8 26. Qa6 d4 27. Nc6 Rb6 28. Ne7+ Kf8 29. Qxa7 Rbd6 30. Nc6 Rxc6 31. Bxc6 Qxc6 32. exd4 Bb3 33. Re1 Kg8 34. Qc5 Qd7 35. Re7 Qg4 36. Qb6 Rc8 37. Rxh6 Bxh6 38. Qxh6 Be6 39. Kh2 Qf5 40. f3 Qh7 41. Qxh7+ Kxh7 42. d5 Bxd5 43. Re5 Be6 44. Rxg5 Ra8 45. g4 Rxa3 46. Kg3 Kh6 47. Rc5 Ra2 48. Re5 Bc4 49. Re1 Rd2 50. Rc1 Bd5 51. Ra1 Kg7 52. Rc1 Kf6 53. Re1 Rc2 54. Re3 Bc4 55. Re1 Bd3 56. Rd1 Be2 57. Re1 Bc4 58. Rb1 Re2 59. Rc1 Bd5 60. Rc8 Be6 61. Rc5 Rd2 62. Rc1 Ke5 63. Rc5+ Bd5 64. Ra5 Kd4 65. Ra7 Ke3 66. Rd7 Rd4 67. Re7+ Be6 68. Rb7 Rd2 69. Re7 Rd5 70. f4 Rd7 71. Re8 Kd4 72. f5 Bd5 73. g5 Ra7 74. Kf4 Bxg2 75. g6 fxg6 76. fxg6 Bd5 77. Kf5 Ra1 78. g7 Rg1 79. Kf6 Rf1+ 80. Kg5 Bf7 81. Rf8 Rg1+ 1/2-1/2

[Event "USA"]
[Site "USA"]
[Date "1992.??.??"]
[Round "?"]
[White "Shabalov, Alexander"]
[Black "Piasetski, Leon"]
[Result "0-1"]
[WhiteElo "2525"]
[BlackElo "2370"]
[PlyCount "62"]
[GameId "1166637431832576"]
[EventDate "1992.??.??"]
[EventType "game"]
[EventRounds "9"]
[EventCountry "USA"]
[SourceTitle "EXT 2010"]
[Source "ChessBase"]
[SourceDate "2009.11.30"]
[SourceVersion "1"]
[SourceVersionDate "2009.11.30"]
[SourceQuality "1"]

1. e4 c5 2. Nf3 e6 3. d4 cxd4 4. Nxd4 a6 5. Nc3 Qc7 6. g3 Bb4 7. Nde2 Nf6 8. Bg2 d6 9. O-O Bc5 10. h3 h6 11. Kh1 Bd7 12. a3 Nc6 13. f4 Ba7 14. b4 Rd8 15. Qd3 Ne7 16. b5 d5 17. bxa6 dxe4 18. Nb5 Qb8 19. Nd6+ Kf8 20. Nxe4 Bc6 21. Qc4 b5 22. Qb4 Qa8 23. f5 Nxe4 24. fxe6 Nxg3+ 25. Kh2 Nxf1+ 26. Bxf1 Qb8+ 27. Bf4 Qb6 28. Bg3 Qe3 29. Qg4 Rd2 30. h4 h5 31. Qf4 Rxe2+ 0-1

[Event "Olympiad-30"]
[Site "Manila"]
[Date "1992.06.10"]
[Round "3.4"]
[White "Piasetski, Leon"]
[Black "Lutz, Christopher"]
[Result "0-1"]
[WhiteElo "2370"]
[BlackElo "2540"]
[PlyCount "106"]
[GameId "1166637516111872"]
[EventDate "1992.06.08"]
[EventType "team-swiss"]
[EventRounds "14"]
[EventCountry "PHI"]
[SourceTitle "TD"]
[Source "ChessBase"]
[SourceVersion "1"]
[SourceVersionDate "1994.03.01"]
[SourceQuality "1"]
[WhiteTeam "Canada"]
[BlackTeam "Germany"]
[WhiteTeamCountry "CAN"]
[BlackTeamCountry "GER"]

1. c4 e5 2. g3 Nf6 3. Bg2 d5 4. cxd5 Nxd5 5. Nc3 Nb6 6. Nf3 Nc6 7. O-O Be7 8. a3 O-O 9. b4 Re8 10. Rb1 Bf8 11. d3 Bg4 12. Ng5 Rb8 13. Be4 g6 14. Qb3 Qe7 15. Bxc6 bxc6 16. Nge4 h6 17. Be3 Qd8 18. f3 Be6 19. Qc2 f5 20. Nc5 Bf7 21. Rfc1 Qc8 22. Bf2 h5 23. b5 Bh6 24. bxc6 Bxc1 25. Rxc1 Re7 26. a4 Qe8 27. Na6 Rc8 28. Nb5 e4 29. dxe4 fxe4 30. Bc5 exf3 31. Bxe7 Qxe7 32. exf3 Qe3+ 33. Kg2 Nd5 34. Rd1 Qe6 35. Rxd5 Qxd5 36. Nb4 Qe5 37. Nd3 Qe3 38. Nf4 Rd8 39. Qe4 Rd2+ 40. Kh3 Qxe4 41. fxe4 g5 42. Nd5 Be6+ 43. g4 Bxg4+ 44. Kg3 Bd1 45. Nbxc7 h4+ 46. Kh3 Rd3+ 47. Kg2 Bxa4 48. Na6 Kf7 49. Nab4 Rd2+ 50. Kf3 Rxh2 51. c7 Bd7 52. Nc6 g4+ 53. Kf4 g3 0-1

[Event "Olympiad-30"]
[Site "Manila"]
[Date "1992.06.11"]
[Round "4.4"]
[White "Doghri, Nabil"]
[Black "Piasetski, Leon"]
[Result "1-0"]
[WhiteElo "2300"]
[BlackElo "2370"]
[PlyCount "89"]
[GameId "1166637516967936"]
[EventDate "1992.06.08"]
[EventType "team-swiss"]
[EventRounds "14"]
[EventCountry "PHI"]
[SourceTitle "TD"]
[Source "ChessBase"]
[SourceVersion "1"]
[SourceVersionDate "1994.03.01"]
[SourceQuality "1"]
[WhiteTeam "Tunisia"]
[BlackTeam "Canada"]
[WhiteTeamCountry "TUN"]
[BlackTeamCountry "CAN"]

1. e4 g6 2. d4 c6 3. Nc3 d5 4. Nf3 Bg7 5. exd5 cxd5 6. Bb5+ Bd7 7. Bxd7+ Qxd7 8. Ne5 Bxe5 9. dxe5 d4 10. Ne2 Nc6 11. Bf4 O-O-O 12. c3 d3 13. Ng3 h5 14. h4 Nh6 15. O-O Ng4 16. Re1 Qd5 17. Qa4 Ngxe5 18. Bxe5 Nxe5 19. Qxa7 Nc6 20. Qe3 e5 21. Ne4 f5 22. Nd2 Rhe8 23. b4 e4 24. a4 Ne5 25. a5 Re6 26. c4 Qd4 27. b5 Qxe3 28. fxe3 Ng4 29. g3 g5 30. hxg5 h4 31. a6 bxa6 32. bxa6 Kb8 33. a7+ Ka8 34. Ra5 Rf8 35. c5 hxg3 36. Nc4 Ne5 37. Nxe5 Rxe5 38. Kg2 f4 39. exf4 Rxf4 40. Rb1 Rf8 41. Rab5 Rfe8 42. Rb8+ Kxa7 43. R8b7+ Ka8 44. c6 Ra5 45. c7 1-0

[Event "Olympiad-30"]
[Site "Manila"]
[Date "1992.06.18"]
[Round "10.4"]
[White "Piasetski, Leon"]
[Black "Urban, Klaudiusz"]
[Result "1/2-1/2"]
[WhiteElo "2370"]
[BlackElo "2465"]
[PlyCount "113"]
[GameId "1166637521928192"]
[EventDate "1992.06.08"]
[EventType "team-swiss"]
[EventRounds "14"]
[EventCountry "PHI"]
[SourceTitle "TD"]
[Source "ChessBase"]
[SourceVersion "1"]
[SourceVersionDate "1994.03.01"]
[SourceQuality "1"]
[WhiteTeam "Canada"]
[BlackTeam "Poland"]
[WhiteTeamCountry "CAN"]
[BlackTeamCountry "POL"]

1. c4 Nf6 2. g3 g6 3. Bg2 Bg7 4. Nc3 O-O 5. d4 c5 6. Nf3 d6 7. O-O Nc6 8. d5 Na5 9. Nd2 e5 10. b3 Ng4 11. Bb2 f5 12. Qc2 b6 13. Rae1 Nb7 14. Nd1 f4 15. e3 g5 16. Be4 h5 17. exf4 gxf4 18. Nf3 Nf6 19. Bf5 Bxf5 20. Qxf5 Qd7 21. Qxd7 Nxd7 22. Nc3 Bh6 23. Ne4 a6 24. Nfg5 Bxg5 25. Nxg5 Rf5 26. Ne6 Nf8 27. Nxf8 Raxf8 28. gxf4 Rxf4 29. Bc1 Rg4+ 30. Kh1 b5 31. f4 bxc4 32. bxc4 exf4 33. h3 Rg3 34. Kh2 Rc3 35. Rg1+ Kf7 36. Re4 Rc2+ 37. Kh1 Rf2 38. Bxf4 Re8 39. Rxe8 Kxe8 40. Bg3 Rxa2 41. Rb1 Na5 42. Bxd6 Nxc4 43. Bf4 Rf2 44. Bg3 Rd2 45. Rc1 Ne3 46. Rxc5 Rxd5 47. Rc6 Nf5 48. Bf4 a5 49. Kg2 Nd4 50. Ra6 Kd7 51. Be3 Nc6 52. Ra8 Rf5 53. Kg3 Kd6 54. Bb6 Ke6 55. Kh4 Kf6 56. Ra6 Ke7 57. Bxa5 1/2-1/2

[Event "North American op"]
[Site "Las Vegas"]
[Date "1992.??.??"]
[Round "?"]
[White "Ramayrat, Cris"]
[Black "Piasetski, Leon"]
[Result "0-1"]
[WhiteElo "2320"]
[BlackElo "2370"]
[PlyCount "112"]
[GameId "1166637327888384"]
[EventDate "1992.12.??"]
[EventType "swiss"]
[EventRounds "9"]
[EventCountry "USA"]
[SourceTitle "EXT 1998"]
[Source "ChessBase"]
[SourceDate "1997.11.17"]
[SourceVersion "1"]
[SourceVersionDate "1997.11.17"]
[SourceQuality "1"]

1. e4 c5 2. Nc3 e6 3. Nf3 a6 4. d4 cxd4 5. Nxd4 Qc7 6. g3 Bb4 7. Nde2 Nf6 8. Bg2 h6 9. O-O Bc5 10. Nf4 d6 11. Nd3 Ba7 12. Qe2 Nc6 13. Be3 Bxe3 14. Qxe3 Bd7 15. h3 Ne5 16. Nxe5 dxe5 17. Rfd1 Rc8 18. Rd2 Qc5 19. Qe1 O-O 20. Rad1 Rc7 21. a3 Qb6 22. Rb1 Rfc8 23. Qd1 Be8 24. Rd6 Rc6 25. Rxc6 Rxc6 26. Qe1 Rc4 27. Bf1 Rd4 28. Qe3 Qd8 29. Bd3 Bc6 30. b4 b5 31. Ne2 Rxe4 32. Bxe4 Nxe4 33. Nc3 Nxc3 34. Qxc3 Qd5 35. f3 e4 36. Qc5 exf3 37. Qxd5 Bxd5 38. a4 bxa4 39. Ra1 Bc6 40. c4 Kf8 41. Rb1 Be4 42. Rb2 Bd3 43. c5 e5 44. Kf2 e4 45. Ke3 f5 46. Ra2 Bb5 47. Rc2 Ke7 48. c6 Kd8 49. c7+ Kc8 50. h4 g5 51. hxg5 hxg5 52. Rc5 f4+ 53. gxf4 gxf4+ 54. Kf2 Be2 55. b5 e3+ 56. Ke1 Bd3 0-1

[Event "NWC op 03"]
[Site "Seattle"]
[Date "1993.??.??"]
[Round "?"]
[White "Orlov, Georgi"]
[Black "Piasetski, Leon"]
[Result "1-0"]
[WhiteElo "2495"]
[BlackElo "2360"]
[PlyCount "65"]
[GameId "1166637947076608"]
[EventDate "1993.03.??"]
[EventType "swiss"]
[EventRounds "7"]
[EventCountry "USA"]
[SourceTitle "EXT 2001"]
[Source "ChessBase"]
[SourceDate "2000.11.22"]
[SourceVersion "1"]
[SourceVersionDate "2000.11.22"]
[SourceQuality "1"]

1. d4 g6 2. c4 Bg7 3. Nf3 d6 4. Nc3 Nd7 5. e4 e5 6. Be2 a5 7. O-O Ne7 8. Be3 O-O 9. Qc2 exd4 10. Nxd4 Nc5 11. Rad1 Bd7 12. f4 f5 13. e5 Qe8 14. Ndb5 Na6 15. exd6 Nc8 16. Bf2 Nxd6 17. Nxc7 Nxc7 18. Rxd6 Bc6 19. c5 Qf7 20. b3 Kh8 21. Bc4 Qe8 22. Re1 Qc8 23. Re7 Ne8 24. Bd4 Bxd4+ 25. Rxd4 Nf6 26. Qe2 Re8 27. Rd6 Rxe7 28. Qxe7 Nh5 29. Qe5+ Ng7 30. Nd5 Qe8 31. Ne7 Rd8 32. Bf7 Qf8 33. Bxg6 1-0

[Event "NWC op 09"]
[Site "Seattle"]
[Date "1993.??.??"]
[Round "?"]
[White "Orlov, Georgi"]
[Black "Piasetski, Leon"]
[Result "1-0"]
[WhiteElo "2495"]
[BlackElo "2360"]
[PlyCount "67"]
[GameId "1166638038773760"]
[EventDate "1993.09.??"]
[EventType "swiss"]
[EventRounds "9"]
[EventCountry "USA"]
[SourceTitle "EXT 2001"]
[Source "ChessBase"]
[SourceDate "2000.11.22"]
[SourceVersion "1"]
[SourceVersionDate "2000.11.22"]
[SourceQuality "1"]

1. d4 d5 2. Nf3 Nf6 3. c4 dxc4 4. e3 e6 5. Bxc4 c5 6. O-O a6 7. a4 Nc6 8. Qe2 Qc7 9. Nc3 Bd6 10. Rd1 O-O 11. h3 Re8 12. Ng5 Na5 13. Ba2 Bd7 14. dxc5 Bxc5 15. e4 Nc6 16. Be3 Bxe3 17. Qxe3 h6 18. Nf3 e5 19. Rac1 Nb4 20. Nd5 Nbxd5 21. Rxc7 Nxe3 22. Rdxd7 Nxd7 23. Rxd7 Red8 24. Rxd8+ Rxd8 25. fxe3 Rd1+ 26. Kf2 Ra1 27. Bd5 Rxa4 28. Nxe5 b5 29. Nxf7 Kf8 30. e5 a5 31. Nh8 Rb4 32. Ng6+ Ke8 33. b3 a4 34. e6 1-0

[Event "San Francisco op"]
[Site "San Francisco"]
[Date "1995.??.??"]
[Round "?"]
[White "Piasetski, Leon"]
[Black "Izumikawa, Burt"]
[Result "1-0"]
[WhiteElo "2345"]
[BlackElo "2355"]
[PlyCount "135"]
[GameId "1166638978039808"]
[EventDate "1995.??.??"]
[EventType "game"]
[EventRounds "9"]
[EventCountry "USA"]
[SourceTitle "EXT 1999"]
[Source "ChessBase"]
[SourceDate "1998.11.10"]
[SourceVersion "1"]
[SourceVersionDate "1998.11.10"]
[SourceQuality "1"]

1. c4 e6 2. g3 d5 3. Nf3 Nf6 4. Bg2 Be7 5. O-O O-O 6. b3 c5 7. cxd5 exd5 8. d4 b6 9. Bb2 Bb7 10. Nc3 Nbd7 11. Nh4 Ne4 12. Nf5 Nxc3 13. Bxc3 Nf6 14. Rc1 Rc8 15. dxc5 bxc5 16. Ne3 Ne4 17. Bxe4 dxe4 18. Nf5 f6 19. Qxd8 Bxd8 20. Rfd1 g6 21. Nh6+ Kg7 22. Rd7+ Kxh6 23. Bd2+ g5 24. Rxb7 Bb6 25. Rc4 Rfd8 26. Be3 Re8 27. h4 Kg6 28. hxg5 fxg5 29. Ra4 Re6 30. g4 h6 31. Rc4 Rcc6 32. Kg2 Kf6 33. Bd2 Ke5 34. Rf7 Kd5 35. Bc3 Rc7 36. Rf5+ Kd6 37. a4 a5 38. Rf8 Rb7 39. Ra8 Ree7 40. Ra6 Kd5 41. Bxa5 Bxa5 42. Rxa5 Rec7 43. Rc3 Kd4 44. Re3 Rf7 45. Rh3 Rb6 46. Ra8 Rbf6 47. Rd8+ Ke5 48. f3 exf3+ 49. Rxf3 Rxf3 50. exf3 Rb7 51. Rd3 Ra7 52. Rc3 Kd4 53. Rc4+ Kd5 54. Kf2 Re7 55. Rc2 Kd4 56. Re2 Rh7 57. Re4+ Kc3 58. Rc4+ Kxb3 59. Rxc5 Kxa4 60. Ke3 Kb4 61. Re5 Kc3 62. Re6 Kc2 63. Ke4 Rf7 64. Rxh6 Kd2 65. Rh2+ Ke1 66. Rh5 Rg7 67. Kf5 Kf2 68. Rxg5 1-0

[Event "San Francisco op"]
[Site "San Francisco"]
[Date "1995.??.??"]
[Round "?"]
[White "Rey, Guillermo"]
[Black "Piasetski, Leon"]
[Result "1-0"]
[WhiteElo "2355"]
[BlackElo "2345"]
[PlyCount "72"]
[GameId "1166638978052096"]
[EventDate "1995.??.??"]
[EventType "game"]
[EventRounds "9"]
[EventCountry "USA"]
[SourceTitle "EXT 1999"]
[Source "ChessBase"]
[SourceDate "1998.11.10"]
[SourceVersion "1"]
[SourceVersionDate "1998.11.10"]
[SourceQuality "1"]

1. d4 e6 2. Nf3 c5 3. e3 Nf6 4. Bd3 d5 5. b3 Nc6 6. O-O Bd6 7. Bb2 cxd4 8. exd4 O-O 9. Nbd2 Qc7 10. c4 dxc4 11. bxc4 e5 12. c5 Be7 13. dxe5 Nd7 14. Nb3 Ndxe5 15. Nxe5 Nxe5 16. Bxh7+ Kxh7 17. Qh5+ Kg8 18. Bxe5 Qc6 19. Rad1 Re8 20. Rd3 Bf8 21. Bd6 g6 22. Qg5 Bg7 23. Qd2 Qa4 24. Re3 Rxe3 25. fxe3 Be6 26. Rb1 Re8 27. Nd4 Bxa2 28. Rb4 Qa5 29. Kf2 Bd5 30. Nf3 Bh6 31. Bf4 Bxf4 32. exf4 Qxc5+ 33. Kg3 Bxf3 34. gxf3 Qg1+ 35. Kh3 Kg7 36. Qd4+ Kh7 1-0

[Event "San Francisco op"]
[Site "San Francisco"]
[Date "1995.??.??"]
[Round "?"]
[White "Shaked, Tal"]
[Black "Piasetski, Leon"]
[Result "1/2-1/2"]
[WhiteElo "2385"]
[BlackElo "2345"]
[PlyCount "57"]
[GameId "1166638978076672"]
[EventDate "1995.??.??"]
[EventType "game"]
[EventRounds "9"]
[EventCountry "USA"]
[SourceTitle "EXT 1999"]
[Source "ChessBase"]
[SourceDate "1998.11.10"]
[SourceVersion "1"]
[SourceVersionDate "1998.11.10"]
[SourceQuality "1"]

1. e4 c5 2. c3 e6 3. d4 d5 4. exd5 exd5 5. Nf3 Nc6 6. Be3 c4 7. b3 cxb3 8. axb3 Bd6 9. Bd3 Bg4 10. O-O Nge7 11. c4 Bb4 12. Ra4 Qd7 13. Na3 Rc8 14. Nc2 Bd6 15. c5 Bb8 16. h3 Bf5 17. Nce1 O-O 18. b4 Ng6 19. b5 Nce7 20. Ne5 Bxe5 21. dxe5 Bxd3 22. Nxd3 Qxb5 23. Rxa7 Nc6 24. Ra1 d4 25. Bc1 Ngxe5 26. Nxe5 Nxe5 27. Qxd4 Nc4 28. Bg5 Rfe8 29. Rfe1 1/2-1/2

[Event "San Francisco op"]
[Site "San Francisco"]
[Date "1995.??.??"]
[Round "?"]
[White "Watson, John L"]
[Black "Piasetski, Leon"]
[Result "1/2-1/2"]
[WhiteElo "2395"]
[BlackElo "2345"]
[PlyCount "22"]
[GameId "1166638978109440"]
[EventDate "1995.??.??"]
[EventType "game"]
[EventRounds "9"]
[EventCountry "USA"]
[SourceTitle "EXT 1999"]
[Source "ChessBase"]
[SourceDate "1998.11.10"]
[SourceVersion "1"]
[SourceVersionDate "1998.11.10"]
[SourceQuality "1"]

1. d4 e6 2. c4 Bb4+ 3. Bd2 a5 4. e4 d6 5. Nc3 Nf6 6. Bd3 e5 7. d5 Na6 8. Nge2 Nh5 9. O-O O-O 10. a3 Bc5 11. Kh1 Bd7 1/2-1/2